Security analysis and portfolio management / (Record no. 95349)
[ view plain ]
| 000 -LEADER | |
|---|---|
| fixed length control field | 01120nam a22002777a 4500 |
| 005 - DATE AND TIME OF LATEST TRANSACTION | |
| control field | 20230113143749.0 |
| 010 ## - LCCN (DPL NO) | |
| LC control number | 1617EN ENG-113737 ENG-135995 |
| 020 ## - INTERNATIONAL STANDARD BOOK NUMBER | |
| International Standard Book Number | 9788120351301 |
| Terms of availability | 295.00 |
| 035 ## - SYSTEM CONTROL NUMBER | |
| System control number | B-653627-636 |
| 035 ## - SYSTEM CONTROL NUMBER | |
| System control number | EN- 97269 |
| 035 ## - SYSTEM CONTROL NUMBER | |
| System control number | EN-119527 |
| 035 ## - SYSTEM CONTROL NUMBER | |
| System control number | B-665169 |
| 037 ## - SOURCE OF ACQUISITION | |
| Source of stock number/acquisition | ABC |
| Stock number | dpl |
| 037 ## - SOURCE OF ACQUISITION | |
| Source of stock number/acquisition | DBAD/PUB |
| 082 ## - DEWEY DECIMAL CLASSIFICATION NUMBER | |
| Classification number | 332.6320954 |
| 100 ## - MAIN ENTRY--PERSONAL NAME | |
| Personal name | Kevin, S. |
| 245 ## - TITLE STATEMENT | |
| Title | Security analysis and portfolio management / |
| Statement of responsibility, etc | by S. Kevin |
| 250 ## - EDITION STATEMENT | |
| Edition statement | 2nd ed |
| 260 ## - PUBLICATION, DISTRIBUTION, ETC. (IMPRINT) | |
| Place of publication, distribution, etc | Delhi |
| Name of publisher, distributor, etc | PHI Learning |
| Date of publication, distribution, etc | 2015 |
| 270 ## - ADDRESS | |
| Address | Rimjhim House, 111, Patparganj Industrial Estate, |
| City | Delhi |
| Postal code | 110092 |
| 300 ## - PHYSICAL DESCRIPTION | |
| Extent | xiv,344p. : |
| Dimensions | 25cm(pbk) |
| Other physical details | ill. |
| 500 ## - GENERAL NOTE | |
| General note | Includes bibliographical references and index |
| 942 ## - ADDED ENTRY ELEMENTS (KOHA) | |
| Source of classification or shelving scheme | Dewey Decimal Classification |
| Item type | English Books |
| Call number suffix | KEV |
| Classification part | 332.6320954 |
| Withdrawn status | Lost status | Not for loan | Collection code | Home library | Current library | Date acquired | Source of acquisition | Cost, normal purchase price | Full call number | Barcode | Copy number | Cost, replacement price | Koha item type |
|---|---|---|---|---|---|---|---|---|---|---|---|---|---|
| Non-fiction | Ashok Vihar | Ashok Vihar | 11/05/2017 | BPPD/EN/2016-17/AV/16-17/452/15.2.2017/5058/28.2.2017/ 7.3.2017 | 295.00 | 332.6320954 KEV | B-665169 | 1 | 295.00 | English Books | |||
| Non-fiction | Bawana | Bawana | 20/02/2017 | BPPD/EN/2016-17/286/24.11.2016/4984/28.11.2016/4.1.2017 | 295.00 | 332.6320954 KEV | B-653633 | 1 | 295.00 | English Books | |||
| Non-fiction | Bawana | Bawana | 20/02/2017 | BPPD/EN/2016-17/286/24.11.2016/4984/28.11.2016/4.1.2017 | 295.00 | 332.6320954 KEV | B-653635 | 1 | 295.00 | English Books | |||
| Non-fiction | Central Library | Central Library | 20/02/2017 | BPPD/EN/2016-17/286/24.11.2016/4984/28.11.2016/4.1.2017 | 295.00 | 332.6320954 KEV | B-653627 | 1 | 295.00 | English Books | |||
| Not For Loan | Non-fiction | D.B.Act.Division | D.B.Act.Division | 30/07/2015 | DBAD/PUB | 295.00 | 332.6320954 KEV | EN-97269 | 1 | 295.00 | English Books | ||
| Non-fiction | Janak Puri | Janak Puri | 20/02/2017 | BPPD/EN/2016-17/286/24.11.2016/4984/28.11.2016/4.1.2017 | 295.00 | 332.6320954 KEV | B-653631 | 1 | 295.00 | English Books | |||
| Non-fiction | Kasturba Gandhi Marg | Kasturba Gandhi Marg | 20/02/2017 | BPPD/EN/2016-17/286/24.11.2016/4984/28.11.2016/4.1.2017 | 295.00 | 332.6320954 KEV | B-653630 | 1 | 295.00 | English Books | |||
| Non-fiction | Kasturba Gandhi Marg | Kasturba Gandhi Marg | 13/01/2023 | DBAD/PUB | 295.00 | 332.6320954 KEV | EN-119527 | 1 | 295.00 | English Books | |||
| Non-fiction | Narela | Narela | 20/02/2017 | BPPD/EN/2016-17/286/24.11.2016/4984/28.11.2016/4.1.2017 | 295.00 | 332.6320954 KEV | B-653634 | 1 | 295.00 | English Books | |||
| Non-fiction | New Police Line | New Police Line | 20/02/2017 | BPPD/EN/2016-17/286/24.11.2016/4984/28.11.2016/4.1.2017 | 295.00 | 332.6320954 KEV | B-653628 | 1 | 295.00 | English Books | |||
| Non-fiction | Patel Nagar | Patel Nagar | 20/02/2017 | BPPD/EN/2016-17/286/24.11.2016/4984/28.11.2016/4.1.2017 | 295.00 | 332.6320954 KEV | B-653629 | 1 | 295.00 | English Books | |||
| Non-fiction | Sarojini Nagar | Sarojini Nagar | 20/02/2017 | BPPD/EN/2016-17/286/24.11.2016/4984/28.11.2016/4.1.2017 | 295.00 | 332.6320954 KEV | B-653632 | 1 | 295.00 | English Books | |||
| Non-fiction | Shahdara Branch | Shahdara Branch | 20/02/2017 | BPPD/EN/2016-17/286/24.11.2016/4984/28.11.2016/4.1.2017 | 295.00 | 332.6320954 KEV | B-653636 | 1 | 295.00 | English Books |
